Simulácia výkonu webu pomocou softvérového nástroja a zvyšovanie výkonu
Salvato in:
| Autore principale: | |
|---|---|
| Altri autori: | |
| Natura: | Manoscritto Libro |
| Lingua: | slovacco |
| Pubblicazione: |
2023
|
| Soggetti: | |
| Accesso online: | http://is.stuba.sk/zp/portal_zp.pl?podrobnosti=155050 |
| Tags: |
Nessun Tag, puoi essere il primo ad aggiungerne!!
|
MARC
| LEADER | 00000ntm a22000003a 4500 | ||
|---|---|---|---|
| 001 | stuzp92456 | ||
| 003 | SK-STU | ||
| 005 | 20230909213226.0 | ||
| 007 | ta | ||
| 008 | 150427s2015----xo-----f-mn---000-0-slo-d | ||
| 040 | |a STU |b slo | ||
| 041 | 0 | |a slo | |
| 100 | 1 | |a Lednický, Matej |u 070400 |4 aut |U FIIT Fakulta informatiky a informačných technológií |T FIIT Ústav počítačového inžinierstva a aplikovanej informatiky |X 103026 |U I400 |Y 672 |7 103026 | |
| 242 | 0 | 1 | |a Web performance simulation using a software tool and performance enhancement |y eng |
| 245 | 1 | 0 | |a Simulácia výkonu webu pomocou softvérového nástroja a zvyšovanie výkonu |
| 260 | |c 2023 | ||
| 650 | 4 | |a testovanie výkonu |2 slo | |
| 650 | 4 | |a web |2 slo | |
| 650 | 4 | |a zvyšovanie výkonu |2 slo | |
| 650 | 4 | |a performance testing |2 eng | |
| 650 | 4 | |a web |2 eng | |
| 650 | 4 | |a performance enhancement |2 eng | |
| 700 | 1 | |a Kvasnica, Peter |4 ths |X 114098 |7 114098 | |
| 856 | 4 | |u http://is.stuba.sk/zp/portal_zp.pl?podrobnosti=155050 | |